000 01530nam0a22003851 4500
001 RU\NLR\A1SV\13953
005 20251203171251.9
035 _a(NLR Aleph) 009699258
090 _a9776396
_c9776396
100 _a19800104d1926 u y0rusy50 ca
101 0 _arus
102 _aRU
200 1 _aАзбука советского трудового права
_eКодекс законов о труде в вопр. и ответах
_fПод ред. проф. И.С.Войтинского
_gСост.: А.И.Вишневецкий, С.Л.Рабинович-Захарин и Д.Н.Хлебников
205 _a3-е изд.
_b[испр. и доп.]
210 _aМ.
_cТруд и книга
_d1926
215 _a249 с.
_d24 см
451 0 _1001RU\NLR\A1SV\13951
620 _dМосква
700 1 _aВишневецкий
_bА. И.
_gАркадий Иосифович
701 1 _aРабинович-Захарин
_bС. Л.
_cканд. юрид. наук, трудовое право
_f1888-1951
_gСамуил Львович
_3RU\NLR\AUTH\770218845
701 1 _aХлебников
_bД. Н.
_gДмитрий Николаевич
702 1 _aВойтинский
_bИ. С.
_f1884-
_gИосиф Савельевич
801 0 _aRU
_bNLR
_c19800104
852 _aNLR
_j27/310
899 _aБАН
899 _aГПИБ
899 _aРКП
899 _aРГБ
899 _aНБ Бел.
899 _aНГОУНБ
899 _aКирОУНБ
942 _cBOOK
980 _aNB
980 _aA1SV